| 000 | 00700nam a2200205Ii 4500 | ||
|---|---|---|---|
| 003 | JO-AjNU | ||
| 008 | 230606s9999||||xx |||||||||||||| ||und|| | ||
| 020 | _a978-3-319-06206-2 | ||
| 040 |
_aJO-AjNU _beng _erda _cJO-AjNU |
||
| 041 | _aeng | ||
| 050 | 1 | 4 | _aQA331 2014 |
| 100 | 3 |
_a Dyer, R. H. author/Edmunds,D.E auther , _eauthor _94341 |
|
| 245 | 0 | 0 | _aFrom Real to Complex Analysis |
| 264 | 3 | 1 | _aCham : Springer International Publishing ,2014 |
| 300 |
_a332P _b Springer Undergraduate Mathematics Series, |
||
| 336 |
_atext _btxt _2rdacontent |
||
| 337 |
_aunmediated _bn _2rdamedia |
||
| 338 |
_avolume _bnc _2rdacarrier |
||
| 650 | 4 |
_a Mathematics. Functions of complex variables. _94342 |
|
| 999 |
_aE2256 _c2254 _d2254 |
||